Województwa Polskie bez mapy - Statystyki

Ogólne statystyki
  • Ten quiz został rozwiązany 252 razy
  • Średni wynik to 14 z 16
Statystyki odpowiedzi
Odpowiedź % Poprawnych
pomorskie
96%
wielkopolskie
95%
małopolskie
94%
mazowieckie
93%
śląskie
92%
lubuskie
90%
zachodnio-pomorskie
90%
dolnośląskie
89%
lubelskie
89%
podkarpackie
84%
podlaskie
84%
świętokrzyskie
81%
warmińsko-mazurskie
81%
kujawsko-pomorskie
80%
łódzkie
80%
opolskie
79%
Nie znaleziono quizów pasujących do podanych kryteriów
Rozkład punktacji
Procent ludzi z każdym wynikiem
Percentyl według liczby udzielonych odpowiedzi
Twoja historia wyników
Nie rozwiązałeś tego quizu